00363nam a22001457a 4500003000700000005001700007008004100024082001800065100002500083245002200108260002400130300000800154490003500162650002000197MPLRDC20220104123837.0210129b ||||| |||| 00| 0 eng d a177.3 CAR v.7 aDALE CARNEGIE 原著 a伟大的人物c ab新光出版社c b平 a卡耐基做人处世全书. 7 a应用心理学